La question monétaire / (Record no. 152304)

MARC details
000 -LEADER
campo de control de longitud fija 00702nam a22002055i 4500
001 - NÚMERO DE CONTROL
campo de control 152304
003 - IDENTIFICADOR DE NÚMERO DE CONTROL
campo de control ES-MaACL
005 - FECHA Y HORA DE LA ÚLTIMA TRANSACCIÓN
campo de control 20230906204630.0
008 - DATOS DE LONGITUD FIJA--INFORMACIÓN GENERAL
campo de control de longitud fija 990922s1895 fr |||| | fre d
040 ## - FUENTE DE CATALOGACIÓN
Centro catalogador/agencia de origen CCPB | B
Lengua de catalogación spa
Centro/agencia transcriptor CCPB | B
100 1# - ENTRADA PRINCIPAL--NOMBRE DE PERSONA
Nombre de persona Boissevain, G. M.
9 (RLIN) 29867
245 13 - MENCIÓN DEL TÍTULO
Título La question monétaire /
Mención de responsabilidad, etc. mémoire par G.M. Boissevain ; traduit du hollandais par J.F. Rode.
260 ## - PUBLICACIÓN, DISTRIBUCIÓN, ETC.
Lugar de publicación, distribución, etc. Paris :
Nombre del editor, distribuidor, etc. Librairie Guillaumin & Cie,
Fecha de publicación, distribución, etc. 1895.
300 ## - DESCRIPCIÓN FÍSICA
Extensión 100 p., [2] h. de tablas, [7] h. de tablas pleg. ;
Dimensiones 25 cm.
597 #1 - NOTA DE DESCRIPCIÓN FÍSICA
NOTA DE DESCRIPCIÓN FÍSICA Antep.
597 ## - NOTA DE DESCRIPCIÓN FÍSICA
NOTA DE DESCRIPCIÓN FÍSICA Las h. de tablas, con datos estadísticos.
700 0# - ENTRADA AGREGADA--NOMBRE PERSONAL
Nombre de persona Rode, J. F.
9 (RLIN) 98105
852 ## - LOCALIZACIÓN
Ubicación ES-MaACL
Número de control de estantería G-8467
Nota libre -- Enc. tela
Holdings
Estatus retirado Estado de pérdida Estado de daño No para préstamo Colección Biblioteca de origen Biblioteca actual Ubicación en estantería Fecha de adquisición Fuente de adquisición Total de préstamos Signatura topográfica completa Código de barras Visto por última vez Precio de reemplazo Tipo de ítem Koha
        Libros del s. XIX Biblioteca del Ateneo de Madrid Biblioteca del Ateneo de Madrid Sala Pecera Planta 3 17/01/2008     G-8467 1159018 23/02/2023 23/02/2023 Libro impreso antiguo